برامج الأطفال المحوسبة / (رقم التسجيلة. 22766)

تفاصيل مارك
000 -الفاتح
حقل البيانات ثابتة الطول 01000nam a22002291a 4500
003 - محدد رقم الضبط
رقم الضبط OSt
005 - وقت وتاريخ اخر تعامل مع التسجيلة
رقم الضبط 20150408114030.0
008 - عناصر البيانات ثابتة الطول - معلومات عامة
حقل البيانات ثابتة الطول 120508s2012 jo o g b 00| 0 ara d
040 ## - مصدر الفهرسة
وكالة الفهرسة الأصلية عمادة شؤون المكتبات في جامعة المجمعة
082 04 - رقم تصنيف ديوى العشرى
رقم الطبعة 21
رقم التصنيف 371.33453
رقم المادة 371.33453 ب ع ع
100 1# - المدخل الرئيسى - إسم شخصى
الإسم الشخصى العمري، عمر حسين.
9 (RLIN) 12720
245 10 - بيان العنوان
العنوان برامج الأطفال المحوسبة /
بيان المسئوليه,etc عمر حسين العمري، حسن علي بني دومي.
250 ## - بيان الطبعة
بيان الطبعة ط. 1.
260 ## - PUBLICATION, DISTRIBUTION, ETC. (IMPRINT)
مكان الناشر او الموزع عمان، الأردن :
اسم الناشر او الموزع زمزم ناشرون وموزعون،
تاريخ النشر أو التوزيع 2012
300 ## - الوصف المادى
التعداد 248 ص. :
تفاصيل ماديه اخرى للوعاء صور ؛
أبعاد الوعاء 24 سم.
504 ## - تبصرة ببليوجرافية
تبصرة ببليوجرافية,الخ ببليوجرافية : ص. 243-248.
650 #7 - المدخل الاضافى بالموضوع-مصطلح موضوعى
مصدر الرأس أو المصطلح aucsh
مصطلح موضوعي أو اسم جغرافي كعنصر مدخل تعليم الأطفال
التقسيم الفرعي العام محاكاة بالحاسوب
9 (RLIN) 12721
650 #7 - المدخل الاضافى بالموضوع-مصطلح موضوعى
مصدر الرأس أو المصطلح aucsh
مصطلح موضوعي أو اسم جغرافي كعنصر مدخل الحاسبات الإلكترونية والتعليم
9 (RLIN) 12722
650 #7 - المدخل الاضافى بالموضوع-مصطلح موضوعى
مصدر الرأس أو المصطلح aucsh
مصطلح موضوعي أو اسم جغرافي كعنصر مدخل التعليم المبرمج
9 (RLIN) 12723
700 1# - المدخل الاضافى - اسم شخصى
الإسم الشخصى بني دومي، حسن علي.
9 (RLIN) 12724
942 ## - عناصر المدخل الإضافي( كوها)
مصدر التصنيف او مخطط الترفيف Dewey Decimal Classification
Koha [default] item type كتاب
المقتنيات
حالة الفقد نموذج السعر الفعال حالة تلف ليس للاعارة رقم الطلب رقم النسخة تاريخ الاكتساب الموقع الحالي الباركود موقع الترفيف الفرع الرئيسي Date last seen نوع المادة فى نظام كوها مصدر التصنيف او خطة الترفيف Total Checkouts
  2013-03-10   Not For Loan 371.33453 371.33453 ب ع ع 1 2012-05-15 المكتبة المركزية بالمجمعة (CL) 202583 stacks td المكتبة المركزية بالمجمعة (CL) 2013-03-10 كتاب Dewey Decimal Classification  
  2013-03-10     371.33453 371.33453 ب ع ع 2 2012-05-15 المكتبة المركزية بالمجمعة (CL) 202584 stacks td المكتبة المركزية بالمجمعة (CL) 2013-03-10 كتاب Dewey Decimal Classification  
  2013-03-10     371.33453 371.33453 ب ع ع 3 2012-05-15 المكتبة المركزية بالمجمعة (CL) 202585 stacks td المكتبة المركزية بالمجمعة (CL) 2013-03-10 كتاب Dewey Decimal Classification  
  2013-03-10   Not For Loan 371.33453 371.33453 ب ع ع 1 2012-05-14 مكتبة مجمع الطالبات بالمجمعة (EMF) 201693 stacks td مكتبة مجمع الطالبات بالمجمعة (EMF) 2013-03-10 كتاب Dewey Decimal Classification  
  2013-03-10     371.33453 371.33453 ب ع ع 2 2012-05-14 مكتبة مجمع الطالبات بالمجمعة (EMF) 201694 stacks td مكتبة مجمع الطالبات بالمجمعة (EMF) 2013-03-10 كتاب Dewey Decimal Classification